VARIABILITA LAMIEL V GRANOCH CHLOROPLASTOV NIEKTORÝCH OBILNÍN

Podrobná bibliografia
Hlavní autori: Petrovic, Ján (Autor), Marek, Jozef (Autor), Bežo, Milan, 1947- (Autor), Hraška, Štefan, 1933- (Autor)
Ďalší autori: Nichta, Ján (Prekladateľ)
Médium: Článok
Jazyk:slovenčina

MARC

LEADER 00000nab a2200000uu 4500
001 vtls011154753
003 SK-MaSNL
005 20260317182953.0
008 230131|1974 xo |||||||||||||||||slo|
015 |a SNBRB 
035 |a (urnnbn)urn:nbn:sk:snk:ar-a0a861 
035 |a (uuid)24e0cc6e-5087-4365-b1f0-2160eef604ae 
035 |a urn:nbn:sk:snk-abb3f6 
040 |a SNKBUCL  |b slo  |c SNKBUCL  |e AACR2 
041 0 |a slo 
044 |a xo  |c SK 
100 1 |a Petrovic, Ján  |4 aut  |9 5311 
245 1 0 |a VARIABILITA LAMIEL V GRANOCH CHLOROPLASTOV NIEKTORÝCH OBILNÍN  |c Ján Petrovic, Jozef Marek, Milan Bežo, Štefan Hraška, Ján Nichta 
246 3 |a VARIABILITY OF LEAF BLADES OF GRAN CHLOROPLASTS OF SOME CEREALS 
700 1 |a Marek, Jozef  |4 aut  |9 5072 
700 1 |a Bežo, Milan,  |d 1947-  |4 aut  |9 185647 
700 1 |a Hraška, Štefan,  |d 1933-  |4 aut  |9 125271 
700 1 |a Nichta, Ján  |4 trl  |9 46003 
773 0 |t Poľnohospodárstvo : časopis pre poľnohospodárske vedy  |g Roč. 20, č. 3 (1974), s. 177-185 
954 |a odborná, vedecká literatúra pôvodná (slovenská)  |2 lita 
958 |a OND 
958 |a EUIPO 
958 |a article14 
999 |c 3215005  |d 3216935